De la cultura y sus artífices / (Record n. 24649)

Dettagli MARC
000 -LEADER
fixed length control field 00692nam a2200229 i 4500
003 - CONTROL NUMBER IDENTIFIER
control field IT-RoINE
005 - DATE AND TIME OF LATEST TRANSACTION
control field 20180510102407.0
008 - FIXED-LENGTH DATA ELEMENTS--GENERAL INFORMATION
fixed length control field 080929s1961 sp |||||r |00||| spa|d
040 ## - CATALOGING SOURCE
Original cataloging agency UPCO
Modifying agency UPSA
-- IT-RoINE
Transcribing agency esslup IT-RoINE
100 1# - MAIN ENTRY--PERSONAL NAME
Personal name Delgado Espinosa, Honorio,
Dates associated with a name 1892-1969
9 (RLIN) 48850
245 10 - TITLE STATEMENT
Title De la cultura y sus artífices /
Statement of responsibility, etc Honorio Delgado.
260 ## - PUBLICATION, DISTRIBUTION, ETC. (IMPRINT)
Place of publication, distribution, etc Madrid :
Name of publisher, distributor, etc Aguilar,
Date of publication, distribution, etc 1961.
300 ## - PHYSICAL DESCRIPTION
Extent 402 p. ;
Dimensions 21 cm.
336 ## - CONTENT TYPE
Source rdacontent
Content type term text
337 ## - MEDIA TYPE
Source rdamedia
Media type term unmediated
338 ## - CARRIER TYPE
Source rdacarrier
Carrier type term volume
490 1# - SERIES STATEMENT
Series statement Ensayistas hispánicos
650 #4 - SUBJECT ADDED ENTRY--TOPICAL TERM
Topical term or geographic name as entry element Cultura
9 (RLIN) 48851
650 #4 - SUBJECT ADDED ENTRY--TOPICAL TERM
Topical term or geographic name as entry element Civilización
9 (RLIN) 3010
830 #0 - SERIES ADDED ENTRY--UNIFORM TITLE
9 (RLIN) 13663
Uniform title Ensayistas hispánicos
942 ## - ADDED ENTRY ELEMENTS (KOHA)
Item type Monografías
Dati di copia
Withdrawn status Lost status Damaged status Not for loan Home library Current library Date acquired Total Checkouts Full call number Barcode Date last seen Price effective from Koha item type
        Iglesia Nacional Española en Roma Iglesia Nacional Española en Roma 10/05/2018   FIL 730 49941 10/05/2018 10/05/2018 Monografías